The game of chess - Statistics

General Stats
  • This quiz has been taken 8 times
  • The average score is 9 of 16
Answer Stats
Hint Answer % Correct
Netflix series showcasing the life of fictional character Beth Harmon The Queen's Gambit
100%
Highest ranked female player of all time Judit Polgár
86%
Five-time World Chess Champion and India's first grandmaster Viswanathan Anand
86%
Chess rating system Elo
71%
Variant of chess in which the first and last ranks are mixed up Fischer random
71%
Five-time U.S. Chess Champion, streamer and content creator Hikaru Nakamura
71%
Free and open-source chess engine used by Lichess and Chess.com Stockfish
71%
Opening system with white popularized by YouTuber Levy Rozman London System
57%
Game played in 1858, final move was Rd8# Opera Game
57%
Tactic in which a minor piece is pressured into not moving Pin
57%
The first World Chess Champion Wilheim Steinitz
57%
Drawing position in a rook and pawn vs rook endgame Philidor position
29%
Winner of the first PogChamps chess tournament Charles White Jr.
14%
Game played in India in the 7th century CE, predecessor of chess Chaturanga
14%
12th century chess pieces, found in the Outer Hebrides Lewis chessmen
14%
The first Women's World Chess Champion Vera Menchik
14%
No matching quizzes found
Score Distribution
Percent of People with Each Score
Percentile by Number Answered
Your Score History
You have not taken this quiz